| 000 | 00540nam a2200181 a 4500 | ||
|---|---|---|---|
| 005 | 20210219150548.0 | ||
| 008 | 991125s1966 mx 000 0 spa u | ||
| 035 | _aUPN01000016601 | ||
| 049 | _aCG | ||
| 050 | 4 |
_aHJ257 _bA8.4 |
|
| 100 | 1 | _aAubrey, Henry G. | |
| 245 | 1 | 3 |
_aEl dólar en la economía mundial : _bun ensayo sobre política financiera internacional / _cHenry G. Aubrey. |
| 260 |
_aMéxico : _bLimusa-Wiley, _c1966. |
||
| 300 | _a380 p. | ||
| 440 | 3 | _aEl mundo de hoy | |
| 650 | 4 |
_aFINANZAS - _zESTADOS UNIDOS |
|
| 905 | _aLibro | ||
| 999 |
_c16601 _d16601 |
||